The kingdom of God / (Record no. 15192)

MARC details
000 -LEADER
fixed length control field 01030cam a2200301 a 4500
001 - CONTROL NUMBER
control field 17238396
003 - CONTROL NUMBER IDENTIFIER
control field AUA.1
005 - DATE AND TIME OF LATEST TRANSACTION
control field 20160803140420.0
008 - FIXED-LENGTH DATA ELEMENTS--GENERAL INFORMATION
fixed length control field 120402s2012 ilu b 001 0 eng
010 ## - LIBRARY OF CONGRESS CONTROL NUMBER
LC control number 2012010785
020 ## - INTERNATIONAL STANDARD BOOK NUMBER
International Standard Book Number 9781433509186 (hc)
040 ## - CATALOGING SOURCE
Original cataloging agency DLC
Transcribing agency DLC
Modifying agency DLC
042 ## - AUTHENTICATION CODE
Authentication code pcc
050 00 - LIBRARY OF CONGRESS CALL NUMBER
Classification number BT94
Item number .K49 2012
082 00 - DEWEY DECIMAL CLASSIFICATION NUMBER
Classification number 231.7/2
Edition number 23
245 04 - TITLE STATEMENT
Title The kingdom of God /
Statement of responsibility, etc Christopher W. Morgan and Robert A. Peterson, editors.
260 ## - PUBLICATION, DISTRIBUTION, ETC. (IMPRINT)
Place of publication, distribution, etc Wheaton, Ill. :
Name of publisher, distributor, etc Crossway,
Date of publication, distribution, etc c2012.
300 ## - PHYSICAL DESCRIPTION
Extent 272 p. ;
Dimensions 25 cm.
490 0# - SERIES STATEMENT
Series statement Theology in community
504 ## - BIBLIOGRAPHY, ETC. NOTE
Bibliography, etc Includes bibliographical references (p. 256-258) and indexes.
650 #0 - SUBJECT ADDED ENTRY--TOPICAL TERM
Topical term or geographic name as entry element Kingdom of God.
650 #0 - SUBJECT ADDED ENTRY--TOPICAL TERM
Topical term or geographic name as entry element Kingdom of God
General subdivision Biblical teaching.
700 1# - ADDED ENTRY--PERSONAL NAME
Personal name Morgan, Christopher W.,
Dates associated with a name 1971-
700 1# - ADDED ENTRY--PERSONAL NAME
Personal name Peterson, Robert A.,
Dates associated with a name 1948-
906 ## - LOCAL DATA ELEMENT F, LDF (RLIN)
a 7
b cbc
c orignew
d 1
e ecip
f 20
g y-gencatlg
942 ## - ADDED ENTRY ELEMENTS (KOHA)
Source of classification or shelving scheme Library of Congress Classification
Koha item type Books
Classification part BT 94
Item part .K49 2012
Holdings
Withdrawn status Lost status Source of classification or shelving scheme Damaged status Not for loan Collection code Home library Current library Shelving location Date acquired Source of acquisition Cost, normal purchase price Serial Enumeration / chronology Full call number Barcode Date last seen Cost, replacement price Price effective from Koha item type
    Library of Congress Classification     Books Judith Thomas Library Judith Thomas Library General Stacks 03/08/2016 Bought by JTL 13.86 AUA018365 BT 94 .K49 2012 AUA018365 03/08/2016 13.86 03/08/2016 Books